000 00584nam a22001817a 4500
005 20251108172325.0
008 250721s2000 xx 000 0 ara d
082 1 4 _a371.3/عبي
100 1 _aعبيد، ماجدة السيد
245 1 0 _aالوسائل التعليمية في التربية الخاصة /
264 1 _aعمان :
_bدار صفاء للنشر،
_c2000.
300 _a338ص
650 1 7 _aوسائل التدريس
650 1 7 _aالوسائل السمعية و البصرية
650 1 7 _aالتربية الخاصة
942 _2ddc
_cBK
999 _c76183
_d76183